Game of Thrones-Les cités libres d'Essos - Statistiques

Statistiques générales
  • Ce quiz a été pris 111 fois
  • Le résultat moyen est 4 sur 9
Statistiques - réponses
Réponse % Correct
Braavos
88%
Pentos
67%
Volantis
67%
Myr
60%
Lys
48%
Tyrosh
33%
Lorath
23%
Qohor
21%
Norvos
18%
Aucun quiz correspondant
Distribution des résultats
% des personnes avec chaque résultat
Percentile par nombre de réponses
Votre historique - résultats
Vous n’avez pas pris ce quiz